[Event "Bundesliga 9495"]
[Site "Deutschland"]
[Date "1995.??.??"]
[Round "?.4"]
[White "Palkovi, Jozsef"]
[Black "Backwinkel, Paul"]
[Result "1/2-1/2"]
[WhiteElo "2420"]
[BlackElo "2410"]
[PlyCount "47"]
[EventDate "1994.10.??"]
[EventType "team"]
[EventRounds "15"]
[EventCountry "GER"]
[SourceTitle "Bundesliga 9495"]
[Source "DeepChess"]
[SourceDate "2005.01.01"]
[SourceVersion "1"]
[SourceVersionDate "2005.01.01"]
[SourceQuality "1"]
[WhiteTeam "SV Tuebingen 1870 e.V."]
[BlackTeam "SG Bochum 31"]
[WhiteTeamCountry "GER"]
[BlackTeamCountry "GER"]

1. e4 c5 2. c3 e6 3. d4 d5 4. exd5 exd5 5. Be3 Qb6 6. dxc5 Qxb2 7. Qb3 Qxa1 8.
Nf3 Nd7 9. Bb5 Ngf6 10. O-O Be7 11. Ne1 O-O 12. Nc2 Nxc5 13. Bxc5 Qxb1 14. Rxb1
Bxc5 15. Nd4 Bg4 16. Bd3 Bb6 17. h3 Bh5 18. Nf5 Rfe8 19. Qb4 Be2 20. Bxe2 Rxe2
21. Qf4 Re6 22. Qg5 g6 23. Nh6+ Kg7 24. Nf5+ 1/2-1/2

[Event "Bundesliga 9495"]
[Site "Deutschland"]
[Date "1995.??.??"]
[Round "?.5"]
[White "Jackelen, Thomas"]
[Black "Zeller, Frank"]
[Result "0-1"]
[WhiteElo "2415"]
[BlackElo "2350"]
[PlyCount "120"]
[EventDate "1994.10.??"]
[EventType "team"]
[EventRounds "15"]
[EventCountry "GER"]
[SourceTitle "Bundesliga 9495"]
[Source "DeepChess"]
[SourceDate "2005.01.01"]
[SourceVersion "1"]
[SourceVersionDate "2005.01.01"]
[SourceQuality "1"]
[WhiteTeam "SG Bochum 31"]
[BlackTeam "SV Tuebingen 1870 e.V."]
[WhiteTeamCountry "GER"]
[BlackTeamCountry "GER"]

1. Nf3 Nf6 2. c4 b6 3. g3 c5 4. Bg2 Bb7 5. Nc3 e6 6. O-O Be7 7. Re1 d6 8. e4
Nbd7 9. d4 cxd4 10. Nxd4 Qc7 11. Ndb5 Qb8 12. f4 O-O 13. Be3 Rc8 14. Qe2 a6 15.
Nd4 Qc7 16. Rac1 Qxc4 17. Qd2 Bf8 18. Nb3 Nc5 19. Nd5 Nfxe4 20. Rxc4 Nxd2 21.
Bxd2 exd5 22. Rd4 Ne4 23. Rb4 Nxd2 24. Nxd2 b5 25. Nb1 Rc2 26. Bf3 Rb8 27. Rd1
g6 28. Na3 Rc5 29. Rbd4 Bg7 30. R4d2 Rbc8 31. b4 Rc3 32. Rd3 Ba8 33. Kf2 Kf8
34. Ke2 Ke7 35. R1d2 d4 36. Bxa8 Rxa8 37. Nc2 Kd7 38. Nxd4 Re8+ 39. Kd1 Rxd3
40. Rxd3 Re4 41. Nc2 Kc6 42. Kd2 d5 43. Ra3 Kb7 44. Rd3 d4 45. Ra3 Kb6 46. Rf3
f5 47. Rd3 h6 48. Rf3 Re6 49. Rd3 Rd6 50. Ra3 Bf6 51. h4 Rc6 52. Ne1 Be7 53.
Nd3 Re6 54. Rb3 Bd6 55. Rb1 Re3 56. Rg1 h5 57. Re1 Rxg3 58. Re6 Kc6 59. Ne5+
Kd5 60. Rxg6 Bxe5 0-1

[Event "Bundesliga 9495"]
[Site "Deutschland"]
[Date "1995.??.??"]
[Round "?.7"]
[White "Sonntag, Hans Hubert"]
[Black "Frick, Christoph"]
[Result "1-0"]
[WhiteElo "2410"]
[BlackElo "2280"]
[PlyCount "83"]
[EventDate "1994.10.??"]
[EventType "team"]
[EventRounds "15"]
[EventCountry "GER"]
[SourceTitle "Bundesliga 9495"]
[Source "DeepChess"]
[SourceDate "2005.01.01"]
[SourceVersion "1"]
[SourceVersionDate "2005.01.01"]
[SourceQuality "1"]
[WhiteTeam "SG Bochum 31"]
[BlackTeam "SV Tuebingen 1870 e.V."]
[WhiteTeamCountry "GER"]
[BlackTeamCountry "GER"]

1. d4 Nf6 2. c4 e5 3. dxe5 Ng4 4. Bf4 Bb4+ 5. Nd2 d6 6. exd6 Qf6 7. e3 g5 8.
Bg3 Bxd6 9. Ngf3 Bxg3 10. hxg3 Nc6 11. Qc2 h6 12. Ne4 Qg7 13. Qc3 O-O 14. Qxg7+
Kxg7 15. Be2 Re8 16. Nc3 Be6 17. O-O Rad8 18. Rfd1 Nge5 19. b3 f6 20. Nb5 Rxd1+
21. Rxd1 Re7 22. Nfd4 a6 23. Nxe6+ Rxe6 24. Nxc7 Re7 25. Nd5 Rd7 26. f4 Nf7 27.
Bf3 Ne7 28. e4 Nc6 29. Kf2 Rd8 30. c5 Rd7 31. Nxf6 Rxd1 32. Nh5+ Kf8 33. Bxd1
Nb4 34. Ke3 Nxa2 35. e5 Nb4 36. Bf3 Nc6 37. Bxc6 bxc6 38. Ke4 Ke7 39. f5 Nd8
40. e6 Nb7 41. Ke5 Nxc5 42. f6+ 1-0

[Event "Bundesliga 9495"]
[Site "Deutschland"]
[Date "1995.??.??"]
[Round "?.8"]
[White "Trettin, Ulrich"]
[Black "Kassebaum, Roman"]
[Result "1/2-1/2"]
[WhiteElo "2270"]
[BlackElo "2345"]
[PlyCount "48"]
[EventDate "1994.10.??"]
[EventType "team"]
[EventRounds "15"]
[EventCountry "GER"]
[SourceTitle "Bundesliga 9495"]
[Source "DeepChess"]
[SourceDate "2005.01.01"]
[SourceVersion "1"]
[SourceVersionDate "2005.01.01"]
[SourceQuality "1"]
[WhiteTeam "SV Tuebingen 1870 e.V."]
[BlackTeam "SG Bochum 31"]
[WhiteTeamCountry "GER"]
[BlackTeamCountry "GER"]

1. d4 Nf6 2. c4 g6 3. Nc3 Bg7 4. e4 d6 5. Nf3 O-O 6. Be2 e5 7. O-O exd4 8. Nxd4
Re8 9. f3 Nc6 10. Be3 Nh5 11. Qd2 Nxd4 12. Bxd4 Nf4 13. Bxg7 Qg5 14. Kf2 Kxg7
15. Qd4+ Kg8 16. g3 Nxe2 17. Nxe2 Qe5 18. Qxe5 dxe5 19. Nc3 c6 20. Rad1 Be6 21.
b3 Rad8 22. Ke2 Kf8 23. Rxd8 Rxd8 24. Rd1 Rxd1 1/2-1/2

[Event "Bundesliga 9495"]
[Site "Deutschland"]
[Date "1994.??.??"]
[Round "?.1"]
[White "Siegel, Georg"]
[Black "Lutz, Christopher"]
[Result "0-1"]
[WhiteElo "2490"]
[BlackElo "2580"]
[PlyCount "56"]
[EventDate "1994.10.??"]
[EventType "team"]
[EventRounds "15"]
[EventCountry "GER"]
[SourceTitle "Bundesliga 9495"]
[Source "DeepChess"]
[SourceDate "2005.01.01"]
[SourceVersion "1"]
[SourceVersionDate "2005.01.01"]
[SourceQuality "1"]
[WhiteTeam "SK Zaehringen 1921"]
[BlackTeam "SG Porz e.V."]
[WhiteTeamCountry "GER"]
[BlackTeamCountry "GER"]

1. d4 Nf6 2. c4 e6 3. Nf3 d5 4. Nc3 Be7 5. Bg5 h6 6. Bh4 O-O 7. e3 b6 8. Be2
Bb7 9. Bxf6 Bxf6 10. cxd5 exd5 11. b4 c6 12. O-O a5 13. bxa5 Rxa5 14. Qb3 Bc8
15. Na4 Ba6 16. Bxa6 Nxa6 17. Rac1 c5 18. dxc5 bxc5 19. Nc3 c4 20. Qb1 Nc5 21.
Nd4 Bxd4 22. exd4 Nd3 23. Rc2 Qf6 24. Ne2 Re8 25. Rd2 Qg5 26. Rfd1 Raa8 27. g3
Rab8 28. Qc2 Qg4 0-1

[Event "Bundesliga 9495"]
[Site "Deutschland"]
[Date "1994.??.??"]
[Round "?.4"]
[White "Hickl, Joerg"]
[Black "Schmaltz, Roland"]
[Result "1-0"]
[WhiteElo "2535"]
[BlackElo "2450"]
[PlyCount "79"]
[EventDate "1994.10.??"]
[EventType "team"]
[EventRounds "15"]
[EventCountry "GER"]
[SourceTitle "Bundesliga 9495"]
[Source "DeepChess"]
[SourceDate "2005.01.01"]
[SourceVersion "1"]
[SourceVersionDate "2005.01.01"]
[SourceQuality "1"]
[WhiteTeam "SG Porz e.V."]
[BlackTeam "SK Zaehringen 1921"]
[WhiteTeamCountry "GER"]
[BlackTeamCountry "GER"]

1. g3 g6 2. Bg2 Bg7 3. c4 Nf6 4. Nc3 O-O 5. d3 d6 6. Rb1 a5 7. e4 e5 8. Nge2 c6
9. O-O Na6 10. h3 Rb8 11. Bg5 h6 12. Be3 b5 13. Qd2 Kh7 14. f4 Nc7 15. c5 exf4
16. gxf4 d5 17. e5 Nh5 18. Rbe1 b4 19. Nd1 Nb5 20. d4 Bf5 21. Nf2 f6 22. Ng4
Qd7 23. Kh2 Rbe8 24. Bf3 Be4 25. exf6 Bxf6 26. Ng1 Bh4 27. Bf2 Bxf2 28. Rxf2
Qf5 29. Bd1 Nxf4 30. Ne2 g5 31. Ref1 Qd7 32. Nxf4 gxf4 33. Rxf4 Qc7 34. Kg1
Rxf4 35. Rxf4 Re6 36. Qf2 Bg6 37. Bc2 Re1+ 38. Kg2 Re2 39. Bxg6+ Kxg6 40. Rf6+
1-0

[Event "Bundesliga 9495"]
[Site "Deutschland"]
[Date "1994.??.??"]
[Round "?.5"]
[White "Maier, Christian"]
[Black "Vaganian, Rafael A"]
[Result "0-1"]
[WhiteElo "2350"]
[BlackElo "2645"]
[PlyCount "154"]
[EventDate "1994.10.??"]
[EventType "team"]
[EventRounds "15"]
[EventCountry "GER"]
[SourceTitle "Bundesliga 9495"]
[Source "DeepChess"]
[SourceDate "2005.01.01"]
[SourceVersion "1"]
[SourceVersionDate "2005.01.01"]
[SourceQuality "1"]
[WhiteTeam "SK Zaehringen 1921"]
[BlackTeam "SG Porz e.V."]
[WhiteTeamCountry "GER"]
[BlackTeamCountry "GER"]

1. e4 Nf6 2. e5 Nd5 3. Bc4 Nb6 4. Bb3 d5 5. d4 Bf5 6. Ne2 e6 7. Nf4 c5 8. c3
Nc6 9. Be3 Rc8 10. g4 Be4 11. f3 cxd4 12. cxd4 Bxb1 13. Rxb1 Nc4 14. Bxc4 Bb4+
15. Kf2 dxc4 16. Qc2 Nxd4 17. Qe4 Nc6 18. Nh5 O-O 19. Rbd1 Qh4+ 20. Kg2 Rfd8
21. Qxc4 Bf8 22. Qe4 Nb4 23. Bf2 Qe7 24. a3 Nd5 25. Rd2 g6 26. Nf6+ Nxf6 27.
exf6 Qxf6 28. Rhd1 Rxd2 29. Rxd2 b6 30. Rd7 Bc5 31. Qc2 Ra8 32. Bg3 Bf8 33. b4
a5 34. Qc6 Re8 35. Rd2 Rd8 36. Re2 Qd4 37. Bf2 Qd3 38. Qxb6 Bh6 39. bxa5 Rd5
40. Qb8+ Bf8 41. Re5 Rd8 42. Qb6 Rd6 43. Qb5 Qxa3 44. Qe2 Rc6 45. Rb5 Qa4 46.
Qe5 Bd6 47. Qe2 Rc2 48. Qd3 Ra2 49. Qb1 Qa3 50. Qe4 h6 51. Qd4 Re2 52. a6 e5
53. Qc4 Qe3 54. Qxe2 Qxe2 55. a7 Qxb5 56. a8=Q+ Kg7 57. Qe4 Qb2 58. Qd5 Be7 59.
Kg1 Bg5 60. h4 Bf4 61. Qe4 Bd2 62. Kg2 Bc3 63. Kg3 Qd2 64. Be3 Qe1+ 65. Bf2 Qh1
66. g5 hxg5 67. hxg5 Qh5 68. Be3 Qh1 69. Bf2 Qc1 70. Qe3 Qb2 71. Qb6 Qd2 72.
Be3 Qd3 73. Bf2 Qf5 74. Qd8 Kh7 75. Qf6 Bd2 76. Kh4 Qxf6 77. gxf6 Kh6 0-1

[Event "Bundesliga 9495"]
[Site "Deutschland"]
[Date "1994.??.??"]
[Round "?.6"]
[White "Vogt, Lothar"]
[Black "Vatter, Hans Joachim"]
[Result "1-0"]
[WhiteElo "2515"]
[BlackElo "2330"]
[PlyCount "79"]
[EventDate "1994.10.??"]
[EventType "team"]
[EventRounds "15"]
[EventCountry "GER"]
[SourceTitle "Bundesliga 9495"]
[Source "DeepChess"]
[SourceDate "2005.01.01"]
[SourceVersion "1"]
[SourceVersionDate "2005.01.01"]
[SourceQuality "1"]
[WhiteTeam "SG Porz e.V."]
[BlackTeam "SK Zaehringen 1921"]
[WhiteTeamCountry "GER"]
[BlackTeamCountry "GER"]

1. e4 c5 2. c3 e6 3. Nf3 d5 4. exd5 Qxd5 5. d4 Nf6 6. Be3 cxd4 7. cxd4 Nc6 8.
Nc3 Qd6 9. a3 Be7 10. Bd3 O-O 11. Qc2 Bd7 12. O-O Rac8 13. Rad1 g6 14. Rfe1
Rfd8 15. Qe2 Be8 16. Ng5 Qc7 17. Bc4 Nd5 18. Bxd5 exd5 19. Qf3 Qd7 20. Nh3 f6
21. Bh6 Bf7 22. Nf4 b6 23. Re3 Rc7 24. Qe2 Bf8 25. Bxf8 Rxf8 26. Qf3 Rd8 27. b4
Kg7 28. Qg3 Rdc8 29. Nb5 g5 30. Nxc7 Rxc7 31. h4 h6 32. Ne2 Ne7 33. hxg5 hxg5
34. Rc3 Rb7 35. Rdc1 Nf5 36. Qg4 Be6 37. Nf4 Nxd4 38. Nh5+ Kg6 39. Qxd4 Kxh5
40. Qxf6 1-0

[Event "Bundesliga 9495"]
[Site "Deutschland"]
[Date "1994.??.??"]
[Round "?.7"]
[White "Weindl, Alfred"]
[Black "Brunner, Lucas"]
[Result "0-1"]
[WhiteElo "2355"]
[BlackElo "2525"]
[PlyCount "72"]
[EventDate "1994.10.??"]
[EventType "team"]
[EventRounds "15"]
[EventCountry "GER"]
[SourceTitle "Bundesliga 9495"]
[Source "DeepChess"]
[SourceDate "2005.01.01"]
[SourceVersion "1"]
[SourceVersionDate "2005.01.01"]
[SourceQuality "1"]
[WhiteTeam "SK Zaehringen 1921"]
[BlackTeam "SG Porz e.V."]
[WhiteTeamCountry "GER"]
[BlackTeamCountry "GER"]

1. d4 d5 2. c4 dxc4 3. e3 Nf6 4. Bxc4 e6 5. Nf3 c5 6. O-O a6 7. a4 Nc6 8. Qe2
Qc7 9. Nc3 Be7 10. Rd1 O-O 11. b3 b6 12. Bb2 Bb7 13. Rac1 Rfd8 14. h3 Na5 15.
Ne5 Nxc4 16. bxc4 Rac8 17. a5 bxa5 18. Na4 Ne4 19. f3 cxd4 20. Bxd4 Nc5 21.
Nxc5 Bxc5 22. Qb2 Rb8 23. Qa1 f6 24. Nd3 Bf8 25. e4 Rd7 26. Be3 Ba8 27. c5 Rbd8
28. Qc3 Bc6 29. Nb2 Bb5 30. Rxd7 Rxd7 31. Kh1 a4 32. Qb4 Qc6 33. Bg1 Bd6 34.
Ra1 Be5 35. Rc1 Bxb2 36. Qxb2 e5 0-1

[Event "Bundesliga 9495"]
[Site "Deutschland"]
[Date "1994.??.??"]
[Round "?.8"]
[White "Mainka, Romuald"]
[Black "Weidemann, Joerg"]
[Result "1-0"]
[WhiteElo "2485"]
[BlackElo "2295"]
[PlyCount "95"]
[EventDate "1994.10.??"]
[EventType "team"]
[EventRounds "15"]
[EventCountry "GER"]
[SourceTitle "Bundesliga 9495"]
[Source "DeepChess"]
[SourceDate "2005.01.01"]
[SourceVersion "1"]
[SourceVersionDate "2005.01.01"]
[SourceQuality "1"]
[WhiteTeam "SG Porz e.V."]
[BlackTeam "SK Zaehringen 1921"]
[WhiteTeamCountry "GER"]
[BlackTeamCountry "GER"]

1. e4 c6 2. d4 d5 3. e5 Bf5 4. h4 h5 5. c4 e6 6. Nc3 Nd7 7. cxd5 exd5 8. Bd3
Ne7 9. Nge2 Nb6 10. Bg5 Qd7 11. O-O Bxd3 12. Qxd3 Qf5 13. Qd1 f6 14. Ng3 Qg6
15. exf6 gxf6 16. Bf4 Qg4 17. Qxg4 hxg4 18. h5 Kf7 19. f3 gxf3 20. Rxf3 Ng8 21.
Nce2 Re8 22. Rb3 Re7 23. Bd6 Rxe2 24. Bxf8 Rd2 25. Bc5 Ne7 26. Re1 Nec8 27. a4
Rg8 28. a5 Rg4 29. axb6 axb6 30. Ba3 Rgxd4 31. Nf5 Rf4 32. h6 Rxf5 33. Rh3 Rg5
34. h7 Rdxg2+ 35. Kh1 Rg8 36. hxg8=Q+ Rxg8 37. Rh7+ Kg6 38. Rxb7 Kf5 39. Rh7 d4
40. Rh5+ Rg5 41. Rh8 Na7 42. Rb8 Kf4 43. Rbe8 Nb5 44. Rf1+ Kg4 45. Rxf6 c5 46.
Rxb6 Nxa3 47. bxa3 Rd5 48. Rf6 1-0

[Event "Bundesliga 9495"]
[Site "Deutschland"]
[Date "1995.??.??"]
[Round "?.1"]
[White "Zude, Arno"]
[Black "Lutz, Christopher"]
[Result "0-1"]
[WhiteElo "2430"]
[BlackElo "2560"]
[PlyCount "46"]
[EventDate "1994.10.??"]
[EventType "team"]
[EventRounds "15"]
[EventCountry "GER"]
[SourceTitle "Bundesliga 9495"]
[Source "DeepChess"]
[SourceDate "2005.01.01"]
[SourceVersion "1"]
[SourceVersionDate "2005.01.01"]
[SourceQuality "1"]
[WhiteTeam "SV 1920 Hofheim"]
[BlackTeam "SG Porz e.V."]
[WhiteTeamCountry "GER"]
[BlackTeamCountry "GER"]

1. e4 c5 2. Nf3 d6 3. d4 cxd4 4. Nxd4 Nf6 5. Nc3 Nc6 6. Bg5 e6 7. Qd2 a6 8.
O-O-O h6 9. Bf4 Bd7 10. Nxc6 Bxc6 11. Qe1 Be7 12. e5 Nh5 13. Be3 Qc7 14. Be2 g6
15. Bxh5 gxh5 16. Qe2 dxe5 17. Qxh5 b5 18. f3 b4 19. Ne4 Bd5 20. Kb1 a5 21.
Rhe1 a4 22. Re2 Bxa2+ 23. Kxa2 Qc4+ 0-1

[Event "Bundesliga 9495"]
[Site "Deutschland"]
[Date "1995.??.??"]
[Round "?.3"]
[White "Reschke, Stefan"]
[Black "Christiansen, Larry Mark"]
[Result "0-1"]
[WhiteElo "2405"]
[BlackElo "2570"]
[PlyCount "78"]
[EventDate "1994.10.??"]
[EventType "team"]
[EventRounds "15"]
[EventCountry "GER"]
[SourceTitle "Bundesliga 9495"]
[Source "DeepChess"]
[SourceDate "2005.01.01"]
[SourceVersion "1"]
[SourceVersionDate "2005.01.01"]
[SourceQuality "1"]
[WhiteTeam "SV 1920 Hofheim"]
[BlackTeam "SG Porz e.V."]
[WhiteTeamCountry "GER"]
[BlackTeamCountry "GER"]

1. c4 e5 2. g3 Nf6 3. Bg2 Nc6 4. Nf3 Bc5 5. Nc3 d6 6. O-O O-O 7. d3 h6 8. Na4
Re8 9. Nxc5 dxc5 10. b3 a5 11. Bb2 Ra6 12. Bc3 Nd4 13. Re1 Bg4 14. Nd2 Qc8 15.
f3 Bh3 16. e3 Bxg2 17. Kxg2 Nf5 18. Qc2 Nh7 19. Ne4 Rg6 20. Qf2 b6 21. Rad1
Rge6 22. Ba1 Ng5 23. g4 Nd6 24. h4 Ngxe4 25. dxe4 Rg6 26. Kh2 Ree6 27. Rg1 Qe8
28. a4 Qe7 29. Bc3 h5 30. gxh5 Rh6 31. Qg3 f6 32. Rd2 Rxh5 33. Qg4 Rh7 34. Kg3
f5 35. exf5 Rxh4 36. fxe6 Rxg4+ 37. Kxg4 Qxe6+ 38. Kg3 Qf6 39. Rh2 Qg6+ 0-1

[Event "Bundesliga 9495"]
[Site "Deutschland"]
[Date "1995.??.??"]
[Round "?.4"]
[White "Hickl, Joerg"]
[Black "Schmitzer, Klaus"]
[Result "1-0"]
[WhiteElo "2535"]
[BlackElo "2355"]
[PlyCount "59"]
[EventDate "1994.10.??"]
[EventType "team"]
[EventRounds "15"]
[EventCountry "GER"]
[SourceTitle "Bundesliga 9495"]
[Source "DeepChess"]
[SourceDate "2005.01.01"]
[SourceVersion "1"]
[SourceVersionDate "2005.01.01"]
[SourceQuality "1"]
[WhiteTeam "SG Porz e.V."]
[BlackTeam "SV 1920 Hofheim"]
[WhiteTeamCountry "GER"]
[BlackTeamCountry "GER"]

1. g3 d5 2. Bg2 c6 3. Nf3 Bg4 4. b3 Nd7 5. Bb2 Ngf6 6. O-O e6 7. c4 Bd6 8. d3
O-O 9. Nbd2 Qe7 10. a3 a5 11. Qc2 Rfd8 12. Rfe1 Bc5 13. d4 Bd6 14. e4 Nxe4 15.
Nxe4 dxe4 16. Qxe4 Nf6 17. Qe3 h6 18. Nh4 Re8 19. h3 Bh5 20. Qc3 Qd8 21. g4 Nd7
22. d5 Bf8 23. dxc6 Nc5 24. Qg3 Bd6 25. Be5 Bxe5 26. Rxe5 Qd4 27. Rae1 Bg6 28.
Nxg6 fxg6 29. cxb7 Rad8 30. Qe3 1-0

[Event "Bundesliga 9495"]
[Site "Deutschland"]
[Date "1995.??.??"]
[Round "?.5"]
[White "Zude, Erik"]
[Black "Vogt, Lothar"]
[Result "0-1"]
[WhiteElo "2355"]
[BlackElo "2475"]
[PlyCount "86"]
[EventDate "1994.10.??"]
[EventType "team"]
[EventRounds "15"]
[EventCountry "GER"]
[SourceTitle "Bundesliga 9495"]
[Source "DeepChess"]
[SourceDate "2005.01.01"]
[SourceVersion "1"]
[SourceVersionDate "2005.01.01"]
[SourceQuality "1"]
[WhiteTeam "SV 1920 Hofheim"]
[BlackTeam "SG Porz e.V."]
[WhiteTeamCountry "GER"]
[BlackTeamCountry "GER"]

1. e4 c5 2. c3 d5 3. exd5 Qxd5 4. d4 Nf6 5. Nf3 e6 6. Bd3 Nc6 7. O-O Be7 8. a3
O-O 9. c4 Qh5 10. dxc5 Rd8 11. Nc3 e5 12. Nd5 Be6 13. Ng5 Qxd1 14. Rxd1 Nxd5
15. Nxe6 fxe6 16. cxd5 Rxd5 17. Be3 Bxc5 18. Bc4 Rxd1+ 19. Rxd1 Nd4 20. Rc1 Kf7
21. Ba6 Nb3 22. Rc3 bxa6 23. Rxb3 Bd4 24. Rb7+ Kf6 25. b4 Rc8 26. a4 Rc3 27.
Kf1 Bxe3 28. fxe3 Rxe3 29. Rxa7 Rb3 30. Rxa6 Rxb4 31. Ra7 Rb2 32. a5 Ra2 33. h4
h5 34. g3 g6 35. Ra8 Kf5 36. Ra6 e4 37. Ra8 Kg4 38. Rg8 Kf3 39. Rf8+ Kxg3 40.
Rf6 Rxa5 41. Rxg6+ Kf3 42. Rf6+ Rf5 43. Rxe6 Rf4 0-1

[Event "Bundesliga 9495"]
[Site "Deutschland"]
[Date "1995.??.??"]
[Round "?.6"]
[White "Brunner, Lucas"]
[Black "Schwamberger, Martin"]
[Result "1-0"]
[WhiteElo "2535"]
[BlackElo "2330"]
[PlyCount "62"]
[EventDate "1994.10.??"]
[EventType "team"]
[EventRounds "15"]
[EventCountry "GER"]
[SourceTitle "Bundesliga 9495"]
[Source "DeepChess"]
[SourceDate "2005.01.01"]
[SourceVersion "1"]
[SourceVersionDate "2005.01.01"]
[SourceQuality "1"]
[WhiteTeam "SG Porz e.V."]
[BlackTeam "SV 1920 Hofheim"]
[WhiteTeamCountry "GER"]
[BlackTeamCountry "GER"]

1. d4 Nf6 2. c4 g6 3. g3 Bg7 4. Bg2 d5 5. cxd5 Nxd5 6. e4 Nb6 7. Ne2 O-O 8.
Nbc3 a5 9. O-O a4 10. Bf4 Bd7 11. Qc1 Nc6 12. Rd1 e5 13. Bh6 Bxh6 14. Qxh6 exd4
15. Nxd4 Qf6 16. Ndb5 Rac8 17. f4 Qe7 18. e5 f5 19. exf6 Rxf6 20. Kh1 Rf5 21.
g4 Rc5 22. h3 Be6 23. Re1 Qf7 24. Na3 Ra5 25. Rad1 Re8 26. Nab5 Bc4 27. Rxe8+
Qxe8 28. Nxc7 Qe7 29. Ne4 Nd5 30. Nxd5 Bxd5 31. Re1 Qd7 1-0

[Event "Bundesliga 9495"]
[Site "Deutschland"]
[Date "1995.??.??"]
[Round "?.7"]
[White "Buchal, Stephan"]
[Black "Mainka, Romuald"]
[Result "1/2-1/2"]
[WhiteElo "2355"]
[BlackElo "2515"]
[PlyCount "71"]
[EventDate "1994.10.??"]
[EventType "team"]
[EventRounds "15"]
[EventCountry "GER"]
[SourceTitle "Bundesliga 9495"]
[Source "DeepChess"]
[SourceDate "2005.01.01"]
[SourceVersion "1"]
[SourceVersionDate "2005.01.01"]
[SourceQuality "1"]
[WhiteTeam "SV 1920 Hofheim"]
[BlackTeam "SG Porz e.V."]
[WhiteTeamCountry "GER"]
[BlackTeamCountry "GER"]

1. g3 d5 2. Bg2 c6 3. d3 Nf6 4. Nd2 g6 5. Ngf3 Bg7 6. O-O O-O 7. e4 Na6 8. Qe2
Nc7 9. Re1 Re8 10. e5 Nd7 11. Nf1 f6 12. d4 Nf8 13. h4 Bf5 14. Ne3 Be4 15. Nh2
fxe5 16. dxe5 Bxg2 17. Nxg2 Nd7 18. Nf3 Rf8 19. h5 gxh5 20. e6 Nc5 21. Ng5 Rf5
22. Bf4 Qf8 23. Nh4 Rxg5 24. Bxg5 Ne4 25. Be3 Nxe6 26. Qxh5 Nd4 27. Rac1 e6 28.
c3 Nb5 29. Kg2 Nbd6 30. Nf3 Nf5 31. Bf4 Qc5 32. Rxe4 dxe4 33. Ng5 h6 34. Qf7+
Kh8 35. Nxe6 Qd5 36. c4 1/2-1/2

[Event "Bundesliga 9495"]
[Site "Deutschland"]
[Date "1995.??.??"]
[Round "?.8"]
[White "Ostermeyer, Peter"]
[Black "Haubt, Georg"]
[Result "1-0"]
[WhiteElo "2390"]
[BlackElo "2275"]
[PlyCount "39"]
[EventDate "1994.10.??"]
[EventType "team"]
[EventRounds "15"]
[EventCountry "GER"]
[SourceTitle "Bundesliga 9495"]
[Source "DeepChess"]
[SourceDate "2005.01.01"]
[SourceVersion "1"]
[SourceVersionDate "2005.01.01"]
[SourceQuality "1"]
[WhiteTeam "SG Porz e.V."]
[BlackTeam "SV 1920 Hofheim"]
[WhiteTeamCountry "GER"]
[BlackTeamCountry "GER"]

1. e4 e5 2. Nf3 Nf6 3. d4 Nxe4 4. Bd3 d5 5. Nxe5 Nd7 6. Nxd7 Bxd7 7. O-O Qf6 8.
Nc3 Nxc3 9. bxc3 O-O-O 10. Qh5 h6 11. Qxd5 Bd6 12. Rb1 c6 13. Qa5 Kb8 14. Be3
Bc7 15. Rxb7+ Kxb7 16. Ba6+ Ka8 17. Qxc7 Bc8 18. Rb1 Bxa6 19. d5 c5 20. Bxc5
1-0

[Event "Bundesliga 9495"]
[Site "Deutschland"]
[Date "1994.??.??"]
[Round "?.1"]
[White "Van der Sterren, Paul"]
[Black "Lutz, Christopher"]
[Result "1-0"]
[WhiteElo "2605"]
[BlackElo "2580"]
[PlyCount "97"]
[EventDate "1994.10.??"]
[EventType "team"]
[EventRounds "15"]
[EventCountry "GER"]
[SourceTitle "Bundesliga 9495"]
[Source "DeepChess"]
[SourceDate "2005.01.01"]
[SourceVersion "1"]
[SourceVersionDate "2005.01.01"]
[SourceQuality "1"]
[WhiteTeam "SV Castrop Rauxel 1923"]
[BlackTeam "SG Porz e.V."]
[WhiteTeamCountry "GER"]
[BlackTeamCountry "GER"]

1. d4 Nf6 2. c4 e6 3. Nf3 d5 4. Nc3 Be7 5. Bg5 h6 6. Bh4 O-O 7. e3 b6 8. Be2
Bb7 9. Bxf6 Bxf6 10. cxd5 exd5 11. b4 c6 12. O-O a5 13. a3 axb4 14. axb4 Rxa1
15. Qxa1 Nd7 16. Rd1 Qc7 17. Qb1 Re8 18. b5 c5 19. Qf5 cxd4 20. Nxd5 Bxd5 21.
Qxd5 Nc5 22. Nxd4 Ne4 23. Qc4 Qxc4 24. Bxc4 Nc3 25. Rd3 Ne4 26. Nc6 Ra8 27. g3
Ra4 28. Bd5 Nc3 29. Ne7+ Bxe7 30. Rxc3 Bc5 31. Rd3 Ra7 32. Bc6 g6 33. g4 Kg7
34. Kg2 Re7 35. h4 Re5 36. Kf3 Kf6 37. Ke2 Re7 38. Rd5 Re5 39. Rd3 Re7 40. f4
Ra7 41. Rd5 Ra2+ 42. Kf3 Ra3 43. g5+ hxg5 44. hxg5+ Ke6 45. Re5+ Kd6 46. Re4
Ra7 47. Re8 Ra3 48. Re5 Rc3 49. Be8 1-0

[Event "Bundesliga 9495"]
[Site "Deutschland"]
[Date "1994.??.??"]
[Round "?.4"]
[White "Hickl, Joerg"]
[Black "Libeau, Rene"]
[Result "1-0"]
[WhiteElo "2535"]
[BlackElo "2490"]
[PlyCount "143"]
[EventDate "1994.10.??"]
[EventType "team"]
[EventRounds "15"]
[EventCountry "GER"]
[SourceTitle "Bundesliga 9495"]
[Source "DeepChess"]
[SourceDate "2005.01.01"]
[SourceVersion "1"]
[SourceVersionDate "2005.01.01"]
[SourceQuality "1"]
[WhiteTeam "SG Porz e.V."]
[BlackTeam "SV Castrop Rauxel 1923"]
[WhiteTeamCountry "GER"]
[BlackTeamCountry "GER"]

1. g3 g6 2. Bg2 Bg7 3. c4 Nf6 4. Nc3 O-O 5. d3 c5 6. a3 Nc6 7. Rb1 d6 8. b4
cxb4 9. axb4 Ng4 10. Bd2 a5 11. bxa5 Rxa5 12. Nb5 Ra6 13. Nf3 Nf6 14. O-O d5
15. cxd5 Nxd5 16. Qc1 Bg4 17. Bh6 Qd7 18. Bxg7 Kxg7 19. Nc3 Nf6 20. Qb2 Bxf3
21. Bxf3 Nd4 22. Bg2 Rc8 23. Rfe1 e5 24. e3 Ne6 25. Ne4 Nxe4 26. Bxe4 Ra5 27.
h4 Rc7 28. Red1 f6 29. Bxb7 Nc5 30. Bg2 Na4 31. Qb4 Rac5 32. Bh3 Qxh3 33. Qxa4
Rc2 34. Rb7 Rxb7 35. Qxc2 Qf5 36. Kg2 Rd7 37. Qc4 Rd6 38. Qc5 Qd7 39. Qc4 Qb7+
40. Kg1 Qd5 41. Qxd5 Rxd5 42. Kf1 h5 43. Ke2 Ra5 44. Rd2 Kf7 45. Rb2 Ra4 46.
Rb7+ Ke6 47. Rg7 Rg4 48. Kf3 f5 49. Ke2 Kf6 50. Rc7 Ra4 51. Rc6+ Kf7 52. Rc2
Ke6 53. Rb2 Ra3 54. d4 exd4 55. exd4 Kd5 56. Rd2 Rb3 57. Rd3 Rb1 58. Kf3 Re1
59. Re3 Rd1 60. Re5+ Kd6 61. Ra5 Rd3+ 62. Ke2 Rb3 63. Ra6+ Kd5 64. Rxg6 Kxd4
65. Rf6 Ke4 66. Kf1 Ke5 67. Rf8 Rb4 68. Kg2 f4 69. Rxf4 Rxf4 70. gxf4+ Kxf4 71.
f3 Ke5 72. Kf1 1-0